000 02830cam a22006614i 4500
003 PE-LiUPU
005 20250731170425.0
008 190131s2014 mx b 001 0 spa d
020 _a607448421X
020 _a9786074484212
035 _a(Sirsi) a251512
040 _aPE-LiUPU
_bspa
_cPE-LiUPU
_erda
049 _aPRUA
082 0 4 _a150.7
_bP28
_221
100 1 _aPatiño Tovar, Hilda,
_eautor.
245 1 0 _aPrevención y evaluación en psicología :
_baspectos teóricos y metodológicos /
_cHilda Patiño Tovar, Vicente Arturo López Cortés ; editor responsable, Santiago Viveros Fuentes.
250 _a1a edición.
264 1 _aMéxico :
_bManual Moderno,
_c2014.
300 _aix, 101 páginas ;
_c23 centímetros
336 _atext
_2rdacontent
337 _aunmediated
_2rdamedia
338 _avolume
_2rdacarrier
504 _aBibliografía al final de cada capítulo.
504 _aÍndice: páginas 98-101.
505 0 _aModelo sistemático para el desarrollo de habilidades del orientador educativo -- prevalencia del consumo de nicotina en trabajadores universitarios -- en la generación de estrés: paradojas entre ingresos económicos y trabajos domésticos en los hogares de mujeres con alto poder adquisitivo -- diagnóstico, prevención y estrategias en situación de violencia hacia las mujeres -- efectos de un programa de intervención neuropsicológica en un adulto mayor con afasia acústico-mnésica -- principios y objetivos para la corrección neuropsicológica infantil -- educación por competencias y desarrollo social del procesamiento cognitivo.
526 _aSEG68
526 _aSEG70
526 _aSEG69
526 _aSEG67
526 _aSEG43
526 _aP144
526 _aP143
526 _aP131
526 _aP122
526 _aP120
526 _aP117
526 _aP112
526 _aP110
526 _aP106
526 _aP101
526 _aP80
526 _aP59
526 _aP54
526 _aP35
526 _aP33
526 _aP30
541 _g002-00000792;
650 0 4 _aPsicología pedagógica.
650 0 4 _aPsicología
_xMetodología.
700 1 _aLópez Cortés, Vicente Arturo,
_eautor.
700 1 _aViveros Fuentes, Santiago,
_eeditor.
910 _adbm
_bksl
_cksl
_d20190131
942 _2ddc
_cBOOK
994 _aC0
_bPEPRU
596 _a1
999 _a150.7 P28
_wDEWEY
_c30883
_i79802
_f2021-11-3
_g4
_lCCODEBUL1
_mBUL
_p11.64
_r0
_sY
_tBOOK
_u2019-1-31
_xSALUD
_zP33
_0COMPRA
_1FCOMPR2
_o.STAFF. Colección Ciencias de la Salud
_d30883
999 _a150.7 P28
_wDEWEY
_c2
_i79803
_f2021-11-3
_g4
_lCCODEBUL1
_mBUL
_p11.64
_r0
_sY
_tBOOK
_u2019-1-31
_xSALUD
_zP33
_0COMPRA
_1FCOMPR2
_o.STAFF. Colección Ciencias de la Salud
980 _81
_gALBERTO SANCHEZ Responsable de Automatización